<?xml version="1.0" encoding="UTF-8"?><?xml-stylesheet type="text/xsl" href="static/style.xsl"?><OAI-PMH xmlns="http://www.openarchives.org/OAI/2.0/" xmlns:xsi="http://www.w3.org/2001/XMLSchema-instance" xsi:schemaLocation="http://www.openarchives.org/OAI/2.0/ http://www.openarchives.org/OAI/2.0/OAI-PMH.xsd"><responseDate>2026-04-13T01:35:37Z</responseDate><request verb="GetRecord" identifier="oai:www.recercat.cat:2072/471749" metadataPrefix="marc">https://recercat.cat/oai/request</request><GetRecord><record><header><identifier>oai:recercat.cat:2072/471749</identifier><datestamp>2024-11-04T06:49:00Z</datestamp><setSpec>com_2072_98</setSpec><setSpec>col_2072_378192</setSpec></header><metadata><record xmlns="http://www.loc.gov/MARC21/slim" xmlns:dcterms="http://purl.org/dc/terms/" xmlns:xsi="http://www.w3.org/2001/XMLSchema-instance" xmlns:doc="http://www.lyncode.com/xoai" xsi:schemaLocation="http://www.loc.gov/MARC21/slim http://www.loc.gov/standards/marcxml/schema/MARC21slim.xsd">
   <leader>00925njm 22002777a 4500</leader>
   <datafield ind2=" " ind1=" " tag="042">
      <subfield code="a">dc</subfield>
   </datafield>
   <datafield ind2=" " ind1=" " tag="720">
      <subfield code="a">Acosta-García, Pablo</subfield>
      <subfield code="e">author</subfield>
   </datafield>
   <datafield ind2=" " ind1=" " tag="260">
      <subfield code="c">2019</subfield>
   </datafield>
   <datafield ind2=" " ind1=" " tag="520">
      <subfield code="a">En este artículo analizaremos el uso que hace José Ángel Valente del modus dicendi místico para explicar su propia concepción de la poesía. Lo haremos a través de diversos ensayos del autor, que iremos conectando en pos de una sistematicidad de pensamiento. Nos interesa indagar, en primer lugar, en qué concebía Valente como "místico" en relación con su creación lírica. En segundo, nos interesa espigar su poética, ver en qué términos lingüísticos desarrolla la misma y desde qué perspectiva utiliza un lenguaje religioso que, en muchas ocasiones, posee una raíz técnica. Finalmente, abriremos algunos puntos de reflexión sobre el posicionamiento, que vindicamos como absolutamente de consciente, de Valente frente a la tradición mística.</subfield>
   </datafield>
   <datafield ind2=" " ind1=" " tag="520">
      <subfield code="a">I will analyze in this article how José Ángel Valente uses the mystical modus dicendi to explain his own Poetics. I will do it by studying different essays by the author, looking for the systematicity of his thought. In the first place, I will focus on what Valente understood by "mysticim" from the point of view of his poetic writing. On the Secondly place, I will study his Poetics in order to analyze the rhetoric of his essays and to analyze his use of a religious technical vocabulary. Finally, I will discuss critically Valente's conscientious use of mystical tradition.</subfield>
   </datafield>
   <datafield ind1="8" ind2=" " tag="024">
      <subfield code="a">http://hdl.handle.net/2072/471749</subfield>
   </datafield>
   <datafield ind2="0" ind1="0" tag="245">
      <subfield code="a">Palabra matriz y escritura poética : José Ángel Valente y la fable mística</subfield>
   </datafield>
</record></metadata></record></GetRecord></OAI-PMH>